| 000 | 00532nam a2200181 i 4500 | ||
|---|---|---|---|
| 001 | 99607 | ||
| 003 | ES-MaACL | ||
| 005 | 20240426063029.0 | ||
| 007 | t| | ||
| 008 | 051122s1986 pr ||||1| spa d | ||
| 080 | _a821.134.2(729.5)-14"19" | ||
| 100 | 0 |
_aMatos Paoli, Francisco, _d1915-2000 _979096 |
|
| 245 | 1 | 4 |
_aLas pausas blancas / _cFrancisco Matos Paoli. |
| 260 |
_aSan Juan, Puerto Rico : _bMairena, _c1986. |
||
| 300 |
_a161 p. ; _c22 cm. |
||
| 852 |
_aES-MaACL _jE-11081 _bR.136772 |
||
| 999 |
_c99607 _d99607 |
||